MARC details
| 000 -CABECERA |
| campo de control de longitud fija |
01029nam a2200277 a 4500 |
| 003 - IDENTIFICADOR DEL NÚMERO DE CONTROL |
| campo de control |
UPN |
| 005 - FECHA Y HORA DE LA ÚLTIMA TRANSACCIÓN |
| campo de control |
20240426063839.0 |
| 008 - ELEMENTOS DE LONGITUD FIJA--INFORMACIÓN GENERAL |
| campo de control de longitud fija |
991125s1889 sp a gr 001 0 spa d |
| 035 ## - NÚMERO DE CONTROL DEL SISTEMA |
| Número de control de sistema |
UPN01000028268 |
| 040 ## - FUENTE DE LA CATALOGACIÓN |
| Centro catalogador/agencia de origen |
MX-MxUPN |
| Lengua de catalogación |
spa |
| Centro/agencia transcriptor |
MX-MxUPN |
| 041 ## - CÓDIGO DE IDIOMA |
| Código de lengua del texto/banda sonora o título independiente |
spa |
| 050 #4 - SIGNATURA TOPOGRÁFICA DE LA BIBLIOTECA DEL CONGRESO |
| Número de clasificación |
F1376 |
| Número de documento/Ítem |
A5.4 1889 |
| 100 1# - ASIENTO PRINCIPAL--NOMBRE PERSONAL |
| Nombre de persona |
Ancona, Eligio, |
| Fechas asociadas al nombre |
1835-1893 |
| 9 (RLIN) |
30839 |
| 245 10 - MENCIÓN DE TÍTULO |
| Título |
Historia de Yucatán : |
| Resto del título |
desde la época más remota hasta nuestros días |
| 250 ## - MENCIÓN DE EDICIÓN |
| Mención de edición |
Segunda edición |
| 260 ## - PUBLICACIÓN, DISTRIBUCIÓN, ETC. |
| Lugar de publicación, distribución, etc. |
Barcelona : |
| Nombre del editor, distribuidor, etc. |
Imprenta de Jaime Jepús Roviralta, |
| Fecha de publicación, distribución, etc. |
1889. |
| 300 ## - DESCRIPCIÓN FÍSICA |
| Extensión |
4 volúmenes : |
| Otras características físicas |
ilustraciones |
| 504 ## - NOTA DE BIBLIOGRAFÍA, ETC. |
| Nota de bibliografía, etc. |
Incluye índices. |
| 505 0# - NOTA DE CONTENIDO CON FORMATO PREESTABLECIDO |
| Información miscelánea |
vol. 1. |
| Título |
Historia antigua -- |
| Información miscelánea |
vol. 2. |
| Título |
La dominación española-- |
| Información miscelánea |
vol.3. |
| Título |
Época moderna-- |
| Información miscelánea |
vol. 4. |
| Título |
La guerra social. |
| 651 #4 - ASIENTO SECUNDARIO DE MATERIA - NOMBRE GEOGRAFICO |
| Nombre geográfico |
Yucatán |
| Subdivisión general |
Historia |
| 9 (RLIN) |
4508 |
| 700 1# - ASIENTO SECUNDARIO--NOMBRE DE PERSONAL |
| Nombre de persona |
Heredia Argüelles, Manuel |
| Término indicativo de función/relación |
edición |
| 9 (RLIN) |
51732 |
| 700 0# - ASIENTO SECUNDARIO--NOMBRE DE PERSONAL |
| Nombre de persona |
P.B. Molina |
| Término indicativo de función/relación |
propietario anterior |
| 9 (RLIN) |
51433 |
| 710 2# - ASIENTO SECUNDARIO - NOMBRE CORPORATIVO |
| 9 (RLIN) |
51335 |
| Nombre de entidad corporativa o nombre de jurisdicción como elemento de entrada |
Museo Pedagógico Nacional (México) |
| Término indicativo de función/relación |
propietario anterior |
| 905 ## - TIPO DE MATERIAL |
| Tipo de material |
Libro |
| 942 ## - ELEMENTOS DE PUNTO DE ACCESO ADICIONAL (KOHA) |
| Fuente del sistema de clasificación o colocación |
Library of Congress Classification |
| Tipo de ítem Koha |
Libro |
| Suprimir en OPAC |
No |